<?xml version='1.0' encoding='UTF-8'?>
  <record xmlns="http://www.loc.gov/MARC21/slim">
    <leader>00000cam a2200000 i 4500</leader>
    <controlfield tag="001">on1586800527</controlfield>
    <controlfield tag="003">OCoLC</controlfield>
    <controlfield tag="005">20260513032215.4</controlfield>
    <controlfield tag="008">260416s1893    ne            000 0 dut  </controlfield>
    <datafield tag="040" ind1=" " ind2=" ">
      <subfield code="a">KOB</subfield>
      <subfield code="b">dut</subfield>
      <subfield code="e">rda</subfield>
      <subfield code="c">KOB</subfield>
      <subfield code="d">OCLCO</subfield>
      <subfield code="d">NLGGC</subfield>
      <subfield code="d">OCLCL</subfield>
    </datafield>
    <datafield tag="019" ind1=" " ind2=" ">
      <subfield code="a">64836776</subfield>
    </datafield>
    <datafield tag="029" ind1="1" ind2=" ">
      <subfield code="a">NLGGC</subfield>
      <subfield code="b">047663111</subfield>
    </datafield>
    <datafield tag="035" ind1=" " ind2=" ">
      <subfield code="a">(OCoLC)1586800527</subfield>
      <subfield code="z">(OCoLC)64836776</subfield>
    </datafield>
    <datafield tag="100" ind1="1" ind2=" ">
      <subfield code="a">Leijser, A.B.</subfield>
      <subfield code="q">(Alexander Benedictus),</subfield>
      <subfield code="d">1833-1898.</subfield>
      <subfield code="4">aut</subfield>
    </datafield>
    <datafield tag="245" ind1="1" ind2="0">
      <subfield code="a">Vermaningen in den biechtstoel en op den predikstoel :</subfield>
      <subfield code="b">voor alle zon- en voornaamste feestdagen des jaars /</subfield>
      <subfield code="c">door Alex. Ben. Leijser.</subfield>
    </datafield>
    <datafield tag="264" ind1=" " ind2="1">
      <subfield code="a">Roermond :</subfield>
      <subfield code="b">M. Waterreus, Drukker &amp; Uitgever,</subfield>
      <subfield code="c">1893.</subfield>
    </datafield>
    <datafield tag="300" ind1=" " ind2=" ">
      <subfield code="a">202 pagina's ;</subfield>
      <subfield code="c">22 cm</subfield>
    </datafield>
    <datafield tag="336" ind1=" " ind2=" ">
      <subfield code="a">tekst</subfield>
      <subfield code="b">txt</subfield>
      <subfield code="2">rdacontent/dut</subfield>
    </datafield>
    <datafield tag="337" ind1=" " ind2=" ">
      <subfield code="a">zonder medium</subfield>
      <subfield code="b">n</subfield>
      <subfield code="2">rdamedia/dut</subfield>
    </datafield>
    <datafield tag="338" ind1=" " ind2=" ">
      <subfield code="a">band</subfield>
      <subfield code="b">nc</subfield>
      <subfield code="2">rdacarrier/dut</subfield>
    </datafield>
    <datafield tag="650" ind1=" " ind2="7">
      <subfield code="a">homiletiek.</subfield>
      <subfield code="0">(NL-LeOCL)175801274</subfield>
      <subfield code="2">btr</subfield>
    </datafield>
    <datafield tag="758" ind1=" " ind2=" ">
      <subfield code="a">Vermaningen in den biechtstoel en op den predikstoel voor alle zon- en voornaamste feestdagen des jaars (Text)</subfield>
      <subfield code="1">https://id.oclc.org/worldcat/entity/E39PCXFbKcV4tv9HVdfhXgkB3j</subfield>
      <subfield code="4">https://id.oclc.org/worldcat/ontology/hasWork</subfield>
    </datafield>
  </record>